Missing Word: #1 Singles of the '70s Quiz Stats

 Plays Quiz Updated May 27, 2014

Support Sporcle.
Go Orange.
Score 0/30 Timer 03:00
1 Play Today
Hint Answer % Correct
I ____ You BackWant
96.3%
____ PieAmerican
94.3%
Bridge over ____ WaterTroubled
93.6%
Stayin' ____Alive
92.3%
The ____ and Winding RoadLong
91.2%
My Ding-a-____Ling
91%
Dancing ____Queen
90.9%
____ That Funky MusicPlay
90.1%
____ CaliforniaHotel
89.6%
____ the Way (I Like It)That's
89.5%
Love Will ____ Us TogetherKeep
89.5%
Kung Fu ____Fighting
88%
The Way We ____Were
84.9%
____ SharonaMy
84.3%
Crocodile ____Rock
81.7%
Hint Answer % Correct
Escape (The PiƱa ____ Song)Colada
81.4%
Band on the ____Run
80.6%
____, Bad Leroy BrownBad
80.4%
Rhinestone ____Cowboy
78.3%
You've Got a ____Friend
77.1%
____ SugarBrown
76.7%
You Make Me Feel Like ____Dancing
76.4%
Heart of ____Gold
74.7%
With a ____ LuckLittle
71.7%
Me and ____ McGeeBobby
70.1%
50 Ways to ____ Your LoverLeave
69.3%
MacArthur ____Park
57.5%
____, 1963 (Oh, What a Night)December
53.3%
____ of the WorldTop
43.7%
____ MuzikPop
25.5%

Today's Daily Dose

Word Ladder
ING Words

Get the Picture
Nearest Volcano

From the Vault

Click-A-Bear Blitz

by metashades

Science 2m
We wish that Smokey the Bear and Baloo made the list!
Remove Ads.
Support Sporcle.
Get the best of Sporcle when you Go Orange. This ad-free experience offers more features, more stats, and more fun while also helping to support Sporcle. Thank you for becoming a member.

Show Comments

Extras

Top Quizzes Today


Score Distribution

Your Account Isn't Verified!

In order to create a playlist on Sporcle, you need to verify the email address you used during registration. Go to your Sporcle Settings to finish the process.

Report this User

Report this user for behavior that violates our Community Guidelines.

Details: